00769nam a22001577a 4500008004100000020001400041050002800055245025600083260004200339300002100381440003100402800001700433942001200450999001600462952013300478140819b xxu||||| |||| 00| 0 eng d a040609233 aKD276.3.L39(1893 vol.3) aThe Law Reports (1893 vol.3) Chancery division:of the incorporated council of law reporting, supreme court of judicature cases determined in the chancery division and in lunacy and on appeal therefrom in the court of appeal. /cedited by Hemming, G.W. aLondon:bButterworth & Co Ltd,c1893. axi,548p.:c24cm. pchancery division.vvol.3. aHemming G.W. 2lcccBK c3498d10998 00102lcc4070aWIUC-1bWIUC-1cLLd2014-08-19l0oKD276.3.L39(1893 vol.3)p1680/667/14r2014-08-19 00:00:00t1w2014-08-19yBK